000 00440nam a22001337a 4500
008 111205t xxu||||| |||| 00| 0 eng d
100 _aConze,Edward
245 _aBuddhism;
_bits essence and development
260 _aLondon
_bOxford
_c1951
300 _a124 p
_c22 cm
650 _aBuddhism
942 _2lcc
_cBK
999 _c39915
_d39915